000
002740000a22000970004500
100
1
_a
Pretiz, Paul E.
245
1
0
_a
Latin misssionaries take on Europe
300
_a
Vol. 72, Num. 4 (Octubre-Diciembre, 1996), Páginas 10-11
773
0
_t
Latin America Evangelist
942
_c
ANA
999
_c
54662
_d
54662